Una escuela para la democracia: el Instituto Experimental de Oslo

Đã lưu trong:
Chi tiết về thư mục
Tác giả chính: Jörgensen, Mosse (Tác giả)
Định dạng: Sách
Ngôn ngữ:Tiếng Tây Ban Nha
Được phát hành: Barcelona Laertes 1977
Những chủ đề:
Các nhãn: Thêm thẻ
Không có thẻ, Là người đầu tiên thẻ bản ghi này!

MARC

LEADER 00000nam a2200000 a 4500
001 UCN6021
003 CL-VaPUC
008 010913e19770000SP |||||||||||||||||spa|d
082 0 4 |a 370.115  |b JOR  |2 21 
100 0 |a Jörgensen, Mosse  |e author  |9 461800 
245 1 4 |a Una escuela para la democracia: el Instituto Experimental de Oslo 
300 |a 244 p 
942 |c BK 
945 |d 20010913 00:00:00  |a cmena 
260 |a Barcelona  |b Laertes  |c 1977 
650 0 |a Filosofía de la educación   |9 258384 
650 0 |a Democracia  |9 255256 
650 0 |a Métodos de enseñanza  |9 270413 
650 0 |a Discriminación social  |9 323032 
583 |a last modification  |c 20010913 00:00:00  |k Rodrigo Vera 
999 |c 297113  |d 297111 
952 |0 0  |1 0  |4 0  |6 370_115000000000000_JOR_1977  |7 0  |8 A  |9 351565  |a BIBEDU  |b BIBEDU  |d 2019-11-21  |i 3697371  |o 370.115 JOR 1977  |p 3697371  |r 2019-11-21  |w 2019-11-21  |y BK  |k EPE